Huis clos suivi de Les mouches /
El presente volumen reúne las obras teatrales A puerta cerrada (1945), de la que surgió la conocida máxima sartreana "el infierno son los otros", y la precedente Las moscas (1943), en la que el intelectual francés propone una reelaboración del mito de Electra.
Guardado en:
| Autor principal: | |
|---|---|
| Formato: | Libro |
| Idioma: | Francés |
| Publicado: |
París, Francia :
Gallimard,
1970, c1947
|
| Colección: | (Le Livre de Poche Gallimard ;
1132) |
| Temas: | |
| Etiquetas: |
Sin etiquetas, Sé el primero en etiquetar este registro!
|
MARC
| LEADER | 00000nam^a2200000^a^4500 | ||
|---|---|---|---|
| 001 | 000027724 | ||
| 005 | 20250521000000.0 | ||
| 009 | 20260310084819.65 | ||
| 037 | |a Acervo ITESO - Biblioteca | ||
| 041 | |a FRA | ||
| 082 | |a 842. |b SAR | ||
| 100 | |a Sartre, Jean-Paul |e (autor) | ||
| 240 | 1 | 1 | |a [A puerta cerrada] |
| 240 | 1 | 5 | |a [Las moscas] |
| 245 | 1 | 0 | |a Huis clos suivi de Les mouches / |c J.P. Sartre. |
| 264 | 4 | |a París, Francia : |b Gallimard, |c 1970, c1947 | |
| 300 | |a 190 p. | ||
| 336 | |a texto |b txt |2 rdacontenido | ||
| 337 | |a sin mediación |b n |2 rdamedio | ||
| 338 | |a volumen |b nc |2 rdasoporte | ||
| 440 | 4 | |a (Le Livre de Poche Gallimard ; |v 1132) | |
| 520 | |a El presente volumen reúne las obras teatrales A puerta cerrada (1945), de la que surgió la conocida máxima sartreana "el infierno son los otros", y la precedente Las moscas (1943), en la que el intelectual francés propone una reelaboración del mito de Electra. | ||
| 545 | 0 | |a Jean-Paul Sartre (1905-1980) fue el líder indiscutible del existencialismo. Sin embargo, su notoriedad no viene sólo de su pensamiento filosófico, sino también de su incursión en la literatura, aunque en ésta, evidentemente, también expresa su visión existencialista. Algunas de sus obras son: La imaginación; La náusea; El muro; Lo imaginario; Las moscas; El ser y la nada; La edad de la razón; Los caminos de la libertad; Las manos sucias; Crítica de la razón dialéctica; El diablo y Dios; Las palabras. Obtuvo el Premio Nobel de Literatura en 1964, pero lo rechazó. | |
| 586 | |a Premio Nobel de Literatura 1964 (rechazado por el autor) | ||
| 649 | |a XX | ||
| 650 | |a Teatro Francés | ||
| 650 | |a Existencialismo Ateo en la Literatura - |z Francia | ||
| 650 | |a Filosofía y Literatura - |z Francia | ||
| 650 | |a Literatura Francesa - |y Siglo XX | ||
| 650 | |a Infierno en la Literatura | ||
| 650 | |a Electra | ||
| 740 | 4 | |a Les mouches / |c J.P. Sartre. | |
| 910 | |a Fondo General | ||
| 920 | |a Impresos - Libros | ||
| 930 | |a Colección General | ||
| 940 | |a Literatura | ||
| 905 | |a 101 | ||
| 901 | |a 0277240100 |b IT1 |c LIT |i 027724 |u 20250521 | ||
| 902 | |a https://opac.biblio.iteso.mx/vufind/Record/000027724 | ||